000 00505nam a22001697a 4500
005 20240820154840.0
008 240807b |||||||| |||| 00| 0 eng d
020 _a978-93-93885-88-3
041 _aEnglish
082 _aM 616.01 ADH DB1262
100 _aAdhikari Uma Rani
_9208046
245 _aTextbook of Applied Microbiology Infection Control & Safety for B.Sc. Nursing III Semester
260 _aBangalore
_bEMMESS Medical Publishers
_c2024
300 _a316p
365 _b595.00
942 _cDB
999 _c359267
_d359267